000 00651nam a2200145 a 4500
008 120416s1977 ||||||||||||||||| || u
050 _aHF 5415.2 Bre
100 _aBreen, George Edward, 1911-
245 1 0 _aDo-it-Yourself marketing research
260 _aNew York
_bMcGraw-Hill
_c1977
300 _ax, 258p. : ill.
350 _a0.00
995 _aMAIN LIBRARY OPEN ACCESS
_D0.00
_e005665
_FCBU-MAIN LIBRARY (Kitwe)
_H2
_I0.00
_jHF 5415.2 Bre
_UAVAILABLE
_y005665
_ZMain Library Open Access Collection
995 _aMAIN LIBRARY OPEN ACCESS
_D0.00
_e005664
_FCBU-MAIN LIBRARY (Kitwe)
_H1
_I0.00
_jHF 5415.2 Bre
_UAVAILABLE
_y005664
_ZMain Library Open Access Collection
999 _c75538
_d75538